000 00901nam a2200253 i 4500
001 183009
003 ES-MaACL
005 20240223125338.0
008 140113s2012 sp |||| |dspa d
020 _a978-84-8472-700-2
080 _a929:821.134.2"19"(089.3)
100 1 _aEsteban, José,
_d1935-
_948033
245 1 3 _aLa generación del 98 en sus anécdotas /
_cJosé Esteban.
260 _aSevilla :
_bRenacimiento,
_c2012.
300 _a204 p. ;
_c21 cm.
490 1 _aLos cuatro vientos ;
_v69
650 7 _aGeneración del 98 (Literatura)
_913051
650 4 _aEscritores españoles-
_yS.XX-
_xAnécdotas.
_9154127
830 1 _aLos cuatro vientos ;
_v69
_9180354
852 _aES-MaACL
_jA-12960
_9189942
_bR.149098
_cDEPO1
_dOlim: N-5960
_xDonación: José Esteban
903 _aEsteban, José,
_d1935-
_ednr
_948033
942 _2udc
_cMONOGRAFIA
999 _c183009
_d183009